[Event "Japfa GM 2015"]
[Site "Jakarta INA"]
[Date "2015.04.22"]
[Round "11.6"]
[White "Sukandar, Irine Kharisma"]
[Black "Purnama, Tirta Chandra"]
[Result "1-0"]
[WhiteTitle "IM"]
[BlackTitle "IM"]
[WhiteElo "2415"]
[BlackElo "2393"]
[WhiteFideId "7101937"]
[BlackFideId "7101422"]
[EventDate "2015.04.15"]

1. e4 c5 2. Nf3 e6 3. d4 cxd4 4. Nxd4 a6 5. Bd3 Qc7 6. O-O Nf6 7. Kh1 Bc5 8. Nb3
Ba7 9. f4 h5 10. Qe2 h4 11. Be3 b5 12. N1d2 Bb7 13. a4 b4 14. Rf3 h3 15. Bxa7
Rxa7 16. gxh3 d6 17. Rg1 g6 18. Qf2 Ra8 19. Qd4 Nbd7 20. Qxb4 a5 21. Qc4 Qb6 22.
Qd4 Ke7 23. Re1 Rh4 24. Kg1 Qxd4+ 25. Nxd4 e5 26. fxe5 Nxe5 27. Rfe3 Rah8 28.
N4f3 Nxf3+ 29. Rxf3 Nh5 30. Bc4 Nf4 31. Kf1 g5 32. Ree3 Bc8 33. Rg3 Bxh3+ 34.
Kg1 Bd7 35. Nf3 R4h5 36. Nxg5 Rxh2 37. Ref3 Rh1+ 38. Kf2 R8h2+ 39. Ke3 Re1+ 40.
Kd4 Ne6+ 41. Nxe6 Bxe6 42. Bd3 Rh4 43. Kc3 Rh8 44. Rg5 Rc8+ 45. Kd4 Ra8 46. Rf1
Rxf1 47. Bxf1 Kf6 48. Rb5 Bd7 49. Rb6 Ke7 50. Rb7 Kd8 51. Bb5 Be6 52. Bc4 Bd7
53. Bb5 Be6 54. c3 Kc8 55. Re7 Rb8 56. Ra7 Rb6 57. Rxa5 Kb7 58. b4 Bc8 59. Bc4
f6 60. Bd5+ Kb8 61. Ra8+ Kc7 62. Ra7+ Kd8 63. Rf7 Bd7 64. a5 1-0